| 000 | 00842nam a2200265Ia 4500 | ||
|---|---|---|---|
| 003 | OSt | ||
| 005 | 20220924141643.0 | ||
| 006 | a|||||r|||| 00| 0 | ||
| 007 | ta | ||
| 008 | 220917b |||||||| |||| 00| 0 eng d | ||
| 024 | _a222,156 | ||
| 037 | _cTextual | ||
| 040 |
_aARTS _cARTS _beng |
||
| 041 |
_2eng _aeng |
||
| 082 | _aO11196,1(Y:351)x, 153P4 | ||
| 100 |
_aਨੇਕੀ, ਜਸਵੰਤ ਸਿੰਘ _9145608 |
||
| 245 | 0 | _aਸੁਗੰਧ ਆਬਨੂਸ ਦੀ | |
| 260 |
_aਦਿੱਲੀ, _bਆਰਸੀ ਪਬਲੀFਰਗ਼ _c2004 |
||
| 300 |
_a173ਪੰ _ccm. |
||
| 650 | _aਅੰਗ੍ਰੇਜੀ ਸਾਹਿਤ | ||
| 700 |
_atzs f _9145609 |
||
| 700 |
_azx _926129 |
||
| 942 |
_hO11196,1(Y:351)x, 153P4 _cTEXL _2CC |
||
| 999 |
_c278282 _d278282 |
||